Detské písmo : chyby a poruchy /

Uložené v:
Podrobná bibliografia
Hlavný autor: Šupšáková, Božena (Author)
Médium: Kniha
Jazyk:Slovak
Vydané: Bratislava : Bradlo, 1991
Vydanie:1. vyd.
Témy:
ISBN: 8071270458 (brož.)
Fyzický popis: 105 s.
Tagy: Pridať tag
Žiadne tagy, Buďte prvý kto otaguje tento záznam!

MARC

LEADER 00000nam a2200000 a 4500
001 000014033
005 20051012124944.0
008 050803s1991 xo e 000 0 sloo
020 |a 8071270458 (brož.) 
040 |a SVKKK  |b slo  |c SVKKK  |e AACR2 
041 0 |a slo 
044 |a xo  |c SK 
072 7 |a 616.89  |x Psychiatria  |2 konspekt 
080 |a 003-053.2  |2 1997 
080 |a 616.89-008.435  |2 1997 
080 |a (035)  |2 1997 
100 1 |a Šupšáková, Božena  |4 aut 
245 1 0 |a Detské písmo :  |b chyby a poruchy /  |c Božena Šupšáková 
250 |a 1. vyd. 
260 |a Bratislava :  |b Bradlo,  |c 1991 
300 |a 105 s. 
650 0 7 |a detské písmo  |2 SVKKKPH 
650 0 7 |a písanie  |2 SVKKKPH 
650 0 7 |a poruchy písania  |2 SVKKKPH 
655 7 |a príručky  |2 SVKKKPH 
919 |a 80-7127-045-8 
998 |a BK 
090 |g SCKHL  |k Sklad Pribinova 2. posch.  |a II.344407  |j 836023  |i 2720090168  |s Absenčne 
090 |g SCKHL  |k Sklad Pribinova 2. posch.  |a II.344408  |j 836024  |i 2720127414  |s Absenčne 
090 |g SCKHL  |k Sklad Pribinova 2. posch.  |a II.346051  |j 840849  |i 2720048465  |s Absenčne